000 00716nam a22002297a 4500
003 URS
005 20250828100453.0
008 250403b ||||| |||| 00| 0 eng d
040 _cURS
050 _aCT3740
_b.A53 1984
100 _912073
_aAncheta, Herminia M.
245 _aFilipino women in nation building
_b: a compilation of brief biographies
264 _c©1984
300 _a337 pages.,:
336 _2rdacontent
_atext
337 _2rdamedia
_aunmediated
338 _2rdacarrier
_avolume
500 _a"Dedicated to the Decade of Women proclaimed by United Nations, 1975-1985"
650 0 _912074
_aWomen
_xPhilippines -- Biography.
700 _912075
_aGonzalez, Michaela Beltran
942 _2lcc
_cF
999 _c84699
_d84697